Normal view
MARC view
Entry Topical Term
001 - CONTROL NUMBER
- control field: 118985
003 - CONTROL NUMBER IDENTIFIER
- control field: OSt
005 - DATE AND TIME OF LATEST TRANSACTION
- control field: 20260618091508.0
008 - FIXED-LENGTH DATA ELEMENTS
- fixed length control field: 260618|| aca||aabn | a|a d
040 ## - CATALOGING SOURCE
- Original cataloging agency: OSt
- Transcribing agency: OSt
150 ## - HEADING--TOPICAL TERM
- Topical term or geographic name entry element: Posttraumatic stress disorder
670 ## - SOURCE DATA FOUND
- Source citation: Work cat.: (OSt)41395: Mmoto, Mahadhi T. 118984, Prevalence ,clinical pattern and factors associated with posttraumatic stress disorder among individuals with opioid use disorder and non opioid users in Dodoma, Tanzania:, 2024